000
00330nam a22001457a 4500
003
SGT
020
_a
9788173154791
082
_a
923.154
100
_a
GHATATE, NA. MA.
245
_a
GATHBANDHAN KI RAJNITI
260
_a
INDIA
_b
PARBHAT PARKASHAN
_c
2001
300
_a
435
650
_a
PRIME MINISTER OF INDIA
942
_2
ddc
_c
BK
999
_c
25976
_d
25976